000 03278ngm a2200469 4500
001 DVD-007819-7827
003 dpl
005 20110818150426.0
006 a|||||r|||||00| 0
007 DVD
008 ||||||sp199 xxu|||||c|||| 00| 0 eng d
010 _aDVD-007819-7827
024 _aDVD 36657
_c399.00
035 _aDVD-007819-7827
037 _bPioneers Office Automation
040 _aDPL
_cDPL
082 _aDVD / WAIT
245 _aWaitress /
_cA film by Adrienne Shelly
_h[videorecording] DVD/
260 _bExcel Home Videos
_aMumbai
300 _a1 videodisc DVD (103 Min.)
_bsd., col. ;
_c4 3/4 in.
_fDVD
306 _a103 Min.
500 _aThe year's most delicious romantic comedy
538 _aDolby Digital 5.1-English Subtitles: English
538 _aAspect Ratio: 1.85:1, Presentation type: Wide Screen, Presentation Size 16x9 Format DVD 9 Dual Layer Single Sided Disc.
650 _aMotion Picture
_933058
700 _aShelly, Adrienne
_933059
700 _aRussel, Keri
_933060
700 _aFillion, Nathan
_933061
700 _aHines, Cheryl
_933062
700 _aShelly, Adrienne
_933063
942 _cCF
_2ddc
_hDVD
_mWAIT
999 _c55619
_d55619